| 000 | 00903 a2200181 4500 | ||
|---|---|---|---|
| 003 | Nust | ||
| 005 | 20170207153422.0 | ||
| 040 | _cNust | ||
| 082 | _a355.28 | ||
| 100 | _aMerritt Hardy L | ||
| 245 |
_aMobilization and the national defence _bNational defense _cHardy L. Merritt & Luther F. Carter |
||
| 260 |
_aPakistan _bNDU _c1985 |
||
| 300 | _axiii,186 p.; | ||
| 505 | _aMobilization for National Defense (Page-1), A Strategic Rationale for Mobilization (Page-7), Management Structures for Industrial Mobilization in the 1980s (Page-25), The Defense Production Act (Page-37), The Impact of Corporate Resource Allocation Decisions on National Security Objectives (Page-61), The Guard and Reserve Towards Fuller Realization (Page-111), Military Retires (Page-133), Yestarday, Today and Tomorrow (Page-149), | ||
| 538 | _aAlmirah No.53 Shelf No.6 | ||
| 600 | _aHardy L Merritt | ||
| 650 | _aNational Defence | ||
| 942 |
_2ddc _cBK |
||
| 999 |
_c185730 _d185730 |
||